Statistics for Local Names of Countries that Start with B

Click here to take the quiz!

General Stats

  • This quiz has been taken 6 times
  • The average score is 13 of 18

Answer Stats

Answer% Correct
Bangladesh
100%
Barbados
100%
Bhutan
100%
Botswana
100%
Brasil
100%
Negara Brunei Darussalam
100%
Bahamas
80%
Belize
80%
Benin
80%
Bulgaria
80%
Burkina Faso
80%
Burundi
80%
Belgie
60%
Bolivia
60%
Bermuda
40%
Al Bahrayn
20%
Bosna i Hercegovina
20%
Byelarus
0%

Score Distribution

Percentile by Number Answered

Percent of People with Each Score

Your Score History

You have not taken this quiz